00918nam a2200241 a 4500001001000000005001700010008004100027041000800068044000700076050002400083100005700107245006100164250000600225260003300231300004900264500008000313500006300393500007800456500001000534504003300544505008000577650001900657BRCA_418720190320204558.0040510s1957----sp-a######---#000-0#spa-# aspa asp 4aN5300b.P55 3c19571 aPijoán, Joséd1880-1963qJosé Pijoán Soteras10aSumma Artisbhistoria general del artecJosé Pijoán. a2 aEspañabEspasa-Calpec1957 a692 p. (v.15)bil. (algunas a color)c27 cm. aIncluye índice alfabético, índice de materias e índice de láminas aEnciclopedia inventariada por Banco de México como libro aVer también AA121, AA122, D136, D137, D138, D142 (3ra. edición) y N28 aAA123 aBibliografía: p. [631]-6340 aContenido: v.15. El arte del renacimiento en el norte y el centro de Europa14aArtexHistoria